Welcome to CU Library Online Public Access Catalogue (OPAC)

EDITING THE NEW FRONTIERS (Record no. 1721)

MARC details
000 -LEADER
fixed length control field 00408nam a22001457a 4500
005 - DATE AND TIME OF LATEST TRANSACTION
control field 20241128172809.0
008 - FIXED-LENGTH DATA ELEMENTS--GENERAL INFORMATION
fixed length control field 241128b |||||||| |||| 00| 0 eng d
020 ## - INTERNATIONAL STANDARD BOOK NUMBER
International Standard Book Number 9789988179373
050 ## - LIBRARY OF CONGRESS CALL NUMBER
Classification number PN 4778
Item number .ES7 ESS
100 ## - MAIN ENTRY--PERSONAL NAME
Personal name ESSILFIE-CONDUAH
245 ## - TITLE STATEMENT
Title EDITING THE NEW FRONTIERS
Statement of responsibility, etc. NANA ESSILFIE-CONDUAH
260 ## - PUBLICATION, DISTRIBUTION, ETC.
Place of publication, distribution, etc. ACCRA
Name of publisher, distributor, etc. AUCC BOOKS PUBLISHING
Date of publication, distribution, etc. c2013
300 ## - PHYSICAL DESCRIPTION
Extent xii, 117p
Other physical details ill;
942 ## - ADDED ENTRY ELEMENTS (KOHA)
Source of classification or shelving scheme Library of Congress Classification
Koha item type Books
Suppress in OPAC No
999 ## -
-- 1721
-- 1721
Holdings
Withdrawn status Lost status Source of classification or shelving scheme Damaged status Not for loan Collection Home library Current library Shelving location Date acquired Total checkouts Full call number Barcode Date last seen Copy number Price effective from Koha item type
    Library of Congress Classification     Non-fiction Undergraduate Library (Christ Temple) Undergraduate Library (Christ Temple) General stacks 11/28/2024   PN 4778.ES7 ESS ulct00000425 11/28/2024 1 11/28/2024 Books
    Library of Congress Classification     Non-fiction Undergraduate Library (Christ Temple) Undergraduate Library (Christ Temple) General stacks 11/28/2024   PN 4778.ES7 ESS ulct00000426 11/28/2024 2 11/28/2024 Books
    Library of Congress Classification     Non-fiction Undergraduate Library (Christ Temple) Undergraduate Library (Christ Temple) General stacks 11/28/2024   PN 4778.ES7 ESS ulct00000427 11/28/2024 3 11/28/2024 Books
© 2023-2024 Copyright: Central University Libraries. All Rights Reserved | Created by: Mahone Tech Office